000
00304nam a22001217a 4500
082
_a
621.39732 STR'S
100
_a
SIRK, W. U
_9
79778
245
_a
STREES AND STRAIN IN METAL ROLLING
260
_a
MOSCOW
_b
MIR
_c
1967
300
_a
475P
650
_a
METAL ROLLING-STREES AND STRAIN
_9
79779
942
_c
BK
999
_c
584773
_d
584773